000
00243nam a2200109Ia 4500
008
200302s9999 xx 000 0 und d
100
_a
Anja llorella
245
_a
Stdium Design
260
_b
Daab Gmbh Published
260
_c
2006
300
_a
399
999
_c
3400
_d
3400